Statistics for Music by Letter - S

Click here to take the quiz!

General Stats

  • This quiz has been taken 9,059 times
    (8,746 since last reset)
  • The average score is 16 of 22

Answer Stats

Hint Answer % Correct
A guitar usually has six ...Strings
96%
Song released separately from
an album
Single
94%
Country where flamenco music
comes from
Spain
92%
Higher than altoSoprano
92%
_____ Doggy DoggSnoop
91%
Vivaldi work: "The Four _______"Seasons
90%
US national anthem:
The Star-_______ Banner
Spangled
89%
Ginger, Baby, or Sporty, e.g.Spice
88%
Instrument played by Lisa SimpsonSaxophone
88%
Marine mammal, or the singer of
"Kiss From a Rose"
Seal
81%
Rock band: The ________ PumpkinsSmashing
80%
Cher's former husband and duo partnerSonny
73%
David Bowie alter ego: Ziggy ________Stardust
73%
Piece of music for a large orchestraSymphony
70%
Small drum used in marching bandsSnare
65%
What this symbol means in music: #Sharp
64%
Singer who wants to swing
from the chandelier
Sia
62%
Mozart's birth citySalzburg
61%
What a trombone has instead of valvesSlide
48%
What a conductor reads fromScore
41%
Tejano singer who was killed in 1995Selena
35%
Composer of an "Unfinished Symphony"Schubert
25%

Score Distribution

Percentile by Number Answered

Percent of People with Each Score

Your Score History

You have not taken this quiz since the last reset